Normal view
MARC view
Entry Personal Name
001 - CONTROL NUMBER
- control field: 5344
003 - CONTROL NUMBER IDENTIFIER
- control field: BD-RjUL
005 - DATE AND TIME OF LATEST TRANSACTION
- control field: 20221019163718.0
008 - FIXED-LENGTH DATA ELEMENTS
- fixed length control field: 221019|| aca||aabn | a|a d
040 ## - CATALOGING SOURCE
- Original cataloging agency: BD-RjUL
- Transcribing agency: BD-RjUL
100 ## - HEADING--PERSONAL NAME
- Personal name: Mohammad. Khandker Din
670 ## - SOURCE DATA FOUND
- Source citation: Work cat.: (BD-RjUL)80570: Mohammad. Khandker Din, Improvement of Potato (Solanum tuberosum L.) Through in vitro culture /, 2002